UBT Library

Teams an der Spitze : (Record no. 248)

000 -LEADER
fixed length control field 00545nam a22001817a 4500
008 - FIXED-LENGTH DATA ELEMENTS--GENERAL INFORMATION
fixed length control field 131107b xxu||||| |||| 00| 0 ger d
020 ## - INTERNATIONAL STANDARD BOOK NUMBER
International Standard Book Number 3706408325
041 0# - LANGUAGE CODE
Language code of text/sound track or separate title ger
080 ## - UNIVERSAL DECIMAL CLASSIFICATION NUMBER
Universal Decimal Classification number 331.103
100 ## - Rafti
Rafti Katzenbach, Jon R.
245 ## - TITLE STATEMENT
Title Teams an der Spitze :
Statement of responsibility, etc Jon R. Katzenbach .
260 ## -
-- Frankfurt / Wien :
-- McKinsey & Company ;
-- c1998.
300 ## -
-- 286 f. :
-- me il. ;
-- 21 cm.
500 ## -
-- Anmerkungen = [Shënimet] : f. [283] - 286
650 #0 -
-- Puna
650 ## -
-- Punësimi
942 ## - ADDED ENTRY ELEMENTS (KOHA)
Source of classification or shelving scheme
Item type Books
Holdings
Withdrawn status Lost status Source of classification or shelving scheme Damaged status Not for loan Collection code Permanent location Current location Shelving location Date acquired Total Checkouts Full call number Barcode Date last seen Koha item type
          Koleksioni i përgjithshem UBT - Prishtine UBT - Prishtine Koleksioni i përgjithshem 11/07/2013   331.103 KAT 001-000290 11/07/2013 Books
UBT Library © 2015-2024. All rights reserved University Education for Business and Technology